| 000 | 00593nam a2200181Ia 4500 | ||
|---|---|---|---|
| 008 | 090123s9999 xx 000 0 und d | ||
| 082 | _b3691 | ||
| 100 | _aएन. नरसिंहय्या | ||
| 245 | _aदल्लाळी मत्तू दगाकोर | ||
| 250 | _a1 | ||
| 260 | _c1974 | ||
| 300 | _a145 | ||
| 600 | _aएन. नरसिंहय्या | ||
| 630 | _aदल्लाळी मत्तू दगाकोर | ||
| 700 | _aएन. नरसिंहय्या | ||
| 730 | _aदल्लाळी मत्तू दगाकोर | ||
| 942 | _cBOOK | ||
| 999 |
_c41770 _d41770 |
||